Enseñar en la sociedad del conocimiento: la educación en la era de la inventiva

Uloženo v:
Podrobná bibliografie
Hlavní autor: Hargreaves, Andy
Médium: Kniha
Jazyk:španělština
Vydáno: Barcelona Octaedro 2003
Vydání:1a. ed
Edice:Repensar la Educación, 18
Témata:
Tagy: Přidat tag
Žádné tagy, Buďte první, kdo vytvoří štítek k tomuto záznamu!

MARC

LEADER 00000nam a2200000 a 4500
001 UCL9506
003 CL-VaPUC
008 040813e20030000SP |||||||||||||||||spa|d
020 |a 8480635843 
082 0 4 |a 306.43  |b HAR  |2 21 
100 |a Hargreaves, Andy  |9 856829 
245 1 0 |a Enseñar en la sociedad del conocimiento: la educación en la era de la inventiva 
250 |a 1a. ed 
300 |a 244 p 
942 |c BK 
945 |d 20040813 00:00:00  |a cmena 
260 |a Barcelona  |b Octaedro  |c 2003 
650 0 |a Sociología de la educación   |9 260380 
650 0 |a Cambio social   |9 256857 
650 0 |a Sociedad del conocimiento  |9 464837 
650 0 |a Creatividad   |9 310816 
650 0 |a Desarrollo cognitivo  |9 311398 
583 |a last modification  |c 20040813 00:00:00  |k Rodrigo Vera 
490 0 |a Repensar la Educación, 18 
999 |c 310272  |d 310270 
952 |0 0  |1 0  |4 0  |6 306_430000000000000_HAR_2003  |7 0  |8 A  |9 378556  |a BIBEDU  |b BIBEDU  |d 2019-11-21  |i 4048156  |o 306.43 HAR 2003  |p 4048156  |r 2019-11-21  |w 2019-11-21  |y BK  |k EPE 
952 |0 0  |1 0  |4 0  |6 306_430000000000000_HAR_2003  |7 0  |8 A  |9 378557  |a BIBEDU  |b BIBEDU  |d 2019-11-21  |i 4632206  |o 306.43 HAR 2003  |p 4632206  |r 2019-11-21  |w 2019-11-21  |y BK  |k EPE